00678nam a2200157 a 4500003000200000005001700002008004100019050002800060100003200088245014800120260009000268300004000358504004100398650003300439650004800472020250422114319.0060729s19uu xx 00 eng d aPHS PN 1993.5b.D4 2006 aDe Leon, Augusto Gabriel A. aCorrelation between the actor's length of stay in showbusiness with their decisions on morality-based situations /cAugusto Gabriel A. De Leon. aLas Piñas City, Philippines :bSouthville International School and Colleges,c2006. a29 pages :billustrations ;c28 cm. aIncludes bibliographical references. aActorsxProfessional ethics. aDecision makingxMoral and ethical aspects.